تعلم لغة النمذجة الموحدة 2.0 / (رقم التسجيلة. 26512)
[ عرض عادي ]
| 000 -الفاتح | |
|---|---|
| حقل البيانات ثابتة الطول | 00796nam a22002057a 4500 |
| 003 - محدد رقم الضبط | |
| رقم الضبط | OSt |
| 005 - وقت وتاريخ اخر تعامل مع التسجيلة | |
| رقم الضبط | 20150408114105.0 |
| 008 - عناصر البيانات ثابتة الطول - معلومات عامة | |
| حقل البيانات ثابتة الطول | 121226t xxu||||| |||| 00| 0 eng d |
| 040 ## - مصدر الفهرسة | |
| وكالة الفهرسة الأصلية | جامعة المجمعة |
| 082 ## - رقم تصنيف ديوى العشرى | |
| رقم التصنيف | 005.133 خ خ ت |
| 100 ## - المدخل الرئيسى - إسم شخصى | |
| الإسم الشخصى | خليل، خالد سعيد. |
| 9 (RLIN) | 18594 |
| 245 ## - بيان العنوان | |
| العنوان | تعلم لغة النمذجة الموحدة 2.0 / |
| بيان المسئوليه,etc | خالد سعيد خليل. |
| 250 ## - بيان الطبعة | |
| بيان الطبعة | ط. 1. |
| 260 ## - PUBLICATION, DISTRIBUTION, ETC. (IMPRINT) | |
| مكان الناشر او الموزع | الاحساء، السعودية : |
| اسم الناشر او الموزع | جامعة الملك فيصل- مركز الترجمة والتاليف والنشر، |
| تاريخ النشر أو التوزيع | 2011 |
| 300 ## - الوصف المادى | |
| التعداد | 447 ص. : |
| تفاصيل ماديه اخرى للوعاء | إيض. ؛ |
| أبعاد الوعاء | 24 سم. |
| 500 ## - تبصرة عامة | |
| تبصرة عامة | يشتمل علي مصطلحات. |
| 504 ## - تبصرة ببليوجرافية | |
| تبصرة ببليوجرافية,الخ | قائمة ببليوجرافية. |
| 650 ## - المدخل الاضافى بالموضوع-مصطلح موضوعى | |
| مصطلح موضوعي أو اسم جغرافي كعنصر مدخل | الحاسبات الإلكترونية |
| التقسيم الفرعي العام | لغات. |
| 9 (RLIN) | 3272 |
| 942 ## - عناصر المدخل الإضافي( كوها) | |
| مصدر التصنيف او مخطط الترفيف | Dewey Decimal Classification |
| Koha [default] item type | DVD |
| حالة الفقد | نموذج السعر الفعال | حالة تلف | ليس للاعارة | رقم الطلب | تاريخ الاكتساب | الموقع الحالي | الباركود | الفرع الرئيسي | Date last seen | نوع المادة فى نظام كوها | مصدر التصنيف او خطة الترفيف | Total Checkouts |
|---|---|---|---|---|---|---|---|---|---|---|---|---|
| 2013-03-10 | 005.133 خ خ ت | 2012-12-26 | المكتبة المركزية بالمجمعة (CL) | 00500227 | المكتبة المركزية بالمجمعة (CL) | 2013-03-10 | كتاب | Dewey Decimal Classification | ||||
| 2013-03-10 | 005.133 خ خ ت | 2012-12-26 | المكتبة المركزية بالمجمعة (CL) | 00500232 | المكتبة المركزية بالمجمعة (CL) | 2013-03-10 | كتاب | Dewey Decimal Classification | ||||
| 2013-03-10 | 005.133 خ خ ت | 2012-12-26 | المكتبة المركزية بالمجمعة (CL) | 00500233 | المكتبة المركزية بالمجمعة (CL) | 2013-03-10 | كتاب | Dewey Decimal Classification |
